000 00690cam a22002531 4500
001 sa 68016876
003 DLC
005 20260227112658.0
008 900108s1968 ii 000 0 hino
010 _asa 68016876
035 _a(OCoLC)20860336
040 _aDLC
_cWaU
_dDLC
041 0 _ahinurd
042 _apremarc
043 _aa-ii---
050 0 0 _aDS423
_b.D15
110 2 _aDakshiṇa Bhārata Hindī Pracāra Sabhā.
245 1 0 _aBhāratīya bhāshāem̐, rāshṭrīya ekatā.
260 _c[1968]
300 _a144 p.
_c19 cm.
500 _aIn Hindi; some quotations in Urdu.
651 0 _aIndia
_xLanguages.
650 0 _aLanguage and languages
_xPolitical aspects.
999 _c87369
_d87369